The reign of Mrs. Buffet, (Record no. 18343)

MARC details
000 -LEADER
fixed length control field 00751cam a22002411 4500
001 - CONTROL NUMBER
control field ca 36001664
003 - CONTROL NUMBER IDENTIFIER
control field DLC
005 - DATE AND TIME OF LATEST TRANSACTION
control field 20260227111144.0
008 - FIXED-LENGTH DATA ELEMENTS--GENERAL INFORMATION
fixed length control field 890714s1932 ohu 000 0 eng
010 ## - LIBRARY OF CONGRESS CONTROL NUMBER
LC control number ca 36001664
035 ## - SYSTEM CONTROL NUMBER
System control number (OCoLC)20008484
040 ## - CATALOGING SOURCE
Original cataloging agency DLC
Transcribing agency RPB
Modifying agency RPB
-- DLC
042 ## - AUTHENTICATION CODE
Authentication code premarc
050 00 - LIBRARY OF CONGRESS CALL NUMBER
Classification number PN6120
Item number .T43
082 ## - DEWEY DECIMAL CLASSIFICATION NUMBER
Classification number 812.5
100 1# - MAIN ENTRY--PERSONAL NAME
Personal name Thomas, Gertrude I.
Fuller form of name (Gertrude Ida),
Dates associated with a name 1889-
245 14 - TITLE STATEMENT
Title The reign of Mrs. Buffet,
Statement of responsibility, etc. by Gail White [pseud.] A clever club comedy for seven women ...
260 ## - PUBLICATION, DISTRIBUTION, ETC.
Place of publication, distribution, etc. Franklin, O.,
-- Denver, Colo.,
Name of publisher, distributor, etc. Eldridge Entertainment House, Inc.,
Date of publication, distribution, etc. c1932.
300 ## - PHYSICAL DESCRIPTION
Extent 25 p.
Dimensions 19 cm.
490 0# - SERIES STATEMENT
Series statement Eldridge plays for girls and women
650 #0 - SUBJECT ADDED ENTRY--TOPICAL TERM
Topical term or geographic name entry element Women
Form subdivision Drama.
655 #7 - INDEX TERM--GENRE/FORM
Genre/form data or focus term Comedies.
Source of term gsafd

No items available.

Powered by Koha